| 000 | 00331nam a2200121Ia 4500 | ||
|---|---|---|---|
| 008 | 230907s9999||||xx |||||||||||||| ||und|| | ||
| 082 |
_a697.78 _bCHI |
||
| 100 |
_aChiras, Daniel D. _9115069 |
||
| 245 | 4 | _aThe solar house : | |
| 260 |
_aChelsea Green Pub., _bWhite River Junction, VT : _c2002 |
||
| 300 | _ax, 274 p. : | ||
| 942 | _cBK | ||
| 999 |
_c597446 _d597446 |
||